000
00240nam a22000857a 4500
008
160704b xxu||||| |||| 00| 0 eng d
100
_9
1914
_a
Narula
245
_a
Effective Teaching in Higher Education
260
_a
New Delhi
_b
Common Wealth
_c
2005
999
_c
1616
_d
1616